000 00691nam a22002537a 4500
003 UA-OsUOA
001 31334
007 ta
008 20041210b un ||||| |||| 00| 0 ukr d
100 _aНападиста В.Г.
090 _a17(091)
_bН27
942 _cBK
040 _aUA-OsUOA
_bukr
_cUA-OsUOA
_dUA-OsUOA
245 _aІсторія етики в Україні (друга половина ХІХ - початок ХХ ст)
_bНавчальний посібник
300 _a240 с.
955 _a0
041 _aukr
080 _a17(091)
020 _a966-06-0339-8
260 _aКиїв
_bЛибідь
_c2004
044 _aUA
650 7 _2UDC
999 _c317757
_d317757